Women in Indian borderlands / (Record no. 56555)

MARC details
000 -LEADER
fixed length control field 01222nam a22002897a 4500
005 - DATE AND TIME OF LATEST TRANSACTION
control field 20110913140452.0
008 - FIXED-LENGTH DATA ELEMENTS--GENERAL INFORMATION
fixed length control field 110913t xxu||||| |||| 00| 0 eng d
010 ## - LCCN (DPL NO)
LC control number ENG-103669
020 ## - INTERNATIONAL STANDARD BOOK NUMBER
International Standard Book Number 9788132106500
Terms of availability 595.00
035 ## - SYSTEM CONTROL NUMBER
System control number EN-87202
037 ## - SOURCE OF ACQUISITION
Source of stock number/acquisition DBAD/PUB
040 ## - CATALOGING SOURCE
Original cataloging agency DPL
Language of cataloging Eng
082 00 - DEWEY DECIMAL CLASSIFICATION NUMBER
Classification number 305.409541
Edition number 23
245 00 - TITLE STATEMENT
Title Women in Indian borderlands /
Statement of responsibility, etc edited by Paula Banerjee [and] Anasua Basu Ray Chaudhury
260 ## - PUBLICATION, DISTRIBUTION, ETC. (IMPRINT)
Place of publication, distribution, etc New Delhi
Name of publisher, distributor, etc SAGE Publications
Date of publication, distribution, etc 2011
270 ## - ADDRESS
Address B1/ I-1 Mohan Cooperative Industrial Area, Mathura Road
City New Delhi
Postal code 110044
300 ## - PHYSICAL DESCRIPTION
Extent xxv,234p.
Dimensions 22cm (Hb)
500 ## - GENERAL NOTE
General note Includes bibliographical references and index.
650 #0 - SUBJECT ADDED ENTRY--TOPICAL TERM
Topical term or geographic name as entry element Women
Geographic subdivision India
General subdivision Social conditions.
9 (RLIN) 34705
650 #0 - SUBJECT ADDED ENTRY--TOPICAL TERM
Topical term or geographic name as entry element Women immigrants
Geographic subdivision India
General subdivision Social conditions.
9 (RLIN) 34706
650 #0 - SUBJECT ADDED ENTRY--TOPICAL TERM
Topical term or geographic name as entry element Borderlands
General subdivision Social aspects
Geographic subdivision India.
9 (RLIN) 34707
700 1# - ADDED ENTRY--PERSONAL NAME
Personal name Banerjee, Paula.
9 (RLIN) 34708
700 1# - ADDED ENTRY--PERSONAL NAME
Personal name Basu Ray Chaudhury, Anasua
9 (RLIN) 34709
942 ## - ADDED ENTRY ELEMENTS (KOHA)
Source of classification or shelving scheme Dewey Decimal Classification
Item type English Books
Classification part 305.409541
Call number suffix WOM
Holdings
Withdrawn status Lost status Source of classification or shelving scheme Damaged status Not for loan Collection code Home library Current library Date acquired Source of acquisition Cost, normal purchase price Total Checkouts Full call number Barcode Date last seen Copy number Cost, replacement price Koha item type
    Dewey Decimal Classification   Not For Loan Non-fiction D.B.Act.Division D.B.Act.Division 13/09/2011 DBAD/PUB 595.00   305.409541 WOM EN-87202 13/09/2011 1 595.00 English Books

© Delhi Public Library
Hit Counter
free hit counter